Caducidad de la compensación económica : (Registro nro. 5785)
[ vista simple ]
| 000 -LEADER | |
|---|---|
| fixed length control field | 01079nab a22002297a 4500 |
| 003 - CONTROL NUMBER IDENTIFIER | |
| control field | OSt |
| 005 - DATE AND TIME OF LATEST TRANSACTION | |
| control field | 20260106180634.0 |
| 008 - FIXED-LENGTH DATA ELEMENTS--GENERAL INFORMATION | |
| fixed length control field | 190514b xxu||||| |||| 00| 0 spa d |
| 040 ## - CATALOGING SOURCE | |
| Transcribing agency | PJ |
| 100 ## - MAIN ENTRY--PERSONAL NAME | |
| 9 (RLIN) | 4688 |
| Personal name | Piccinelli, Ornela |
| 245 10 - TITLE STATEMENT | |
| Title | Caducidad de la compensación económica : |
| Remainder of title | sobre cómo (nos) impacta el tiempo / |
| Statement of responsibility, etc | Ornela Piccinelli. |
| 300 ## - PHYSICAL DESCRIPTION | |
| Extent | p. 124-138 |
| 505 ## - FORMATTED CONTENTS NOTE | |
| Formatted contents note | Sumario: I. El tiempo tampoco es neutral.— II. La caducidad de la compensación económica en el divorcio y en el cese de la unión convivencial. Reglas aplicables.— III. Repensar la regulación del tiempo.— IV. Tiempo de repensar(nos) en la lectura de las normas. |
| 505 ## - FORMATTED CONTENTS NOTE | |
| Title | Si te interesa el texto, comunicate a koha@justierradelfuego.gov.ar |
| 650 #0 - SUBJECT ADDED ENTRY--TOPICAL TERM | |
| 9 (RLIN) | 967 |
| Topical term or geographic name as entry element | DERECHO DE FAMILIA |
| 650 #0 - SUBJECT ADDED ENTRY--TOPICAL TERM | |
| Topical term or geographic name as entry element | CODIGO CIVIL Y COMERCIAL |
| 9 (RLIN) | 1497 |
| 650 #0 - SUBJECT ADDED ENTRY--TOPICAL TERM | |
| Topical term or geographic name as entry element | UNIONES CONVIVENCIALES |
| 9 (RLIN) | 1053 |
| 650 #0 - SUBJECT ADDED ENTRY--TOPICAL TERM | |
| Topical term or geographic name as entry element | DIVORCIO |
| 9 (RLIN) | 977 |
| 650 #0 - SUBJECT ADDED ENTRY--TOPICAL TERM | |
| Topical term or geographic name as entry element | COMPENSACIÓN ECONÓMICA |
| 9 (RLIN) | 5830 |
| 773 0# - HOST ITEM ENTRY | |
| Host Biblionumber | 2844 |
| Host Itemnumber | 3222 |
| Place, publisher, and date of publication | Buenos Aires : AbeledoPerrot, 1989- |
| Title | Derecho de familia. N° 115 - Julio 2024 |
| International Standard Book Number | 18511201 |
| 942 ## - ADDED ENTRY ELEMENTS (KOHA) | |
| Source of classification or shelving scheme | |
| Koha item type | Analítica Artículo de Revista |
No hay ítems disponibles.
